000 00496nam a2200145 a 4500
008 120416s0000 ||||||||||||||||| || u
020 _a0273317229
050 _aTK 6161 Jol
100 _aJolley, E.H
245 1 0 _aIntroduction to telephony and telegraphy
260 _aLondon
_bPitman
_c1968
300 _ax,412p. : ill.
350 _a0.00
995 _D0.00
_FCBU-MAIN LIBRARY (Kitwe)
_H1
_I1.25
_UAVAILABLE
_ZMain Library Open Access Collection
999 _c48028
_d48028